<?xml version="1.0" encoding="UTF-8"?>
<collection xmlns="http://www.loc.gov/MARC21/slim">
  <record>
    <leader>00000nam  2200000   4500</leader>
    <controlfield tag="001">INLIS000000000020241</controlfield>
    <controlfield tag="005">20250528100711</controlfield>
    <datafield tag="035" ind1="#" ind2="#">
      <subfield code="a">0010-0525000324</subfield>
    </datafield>
    <controlfield tag="007">ta</controlfield>
    <controlfield tag="008">250528################|##########|#|##</controlfield>
    <datafield tag="084" ind1="#" ind2="#">
      <subfield code="a">R 0132 PKN II 2024</subfield>
    </datafield>
    <datafield tag="100" ind1=" " ind2="#">
      <subfield code="a">Sudaryanto</subfield>
    </datafield>
    <datafield tag="245" ind1="1" ind2="#">
      <subfield code="a">Optimalisasi Penyelenggaraan Persetujuan  Bangunan Gedung Menuju Citra Manis /</subfield>
      <subfield code="c">Sudaryanto</subfield>
    </datafield>
    <datafield tag="250" ind1="#" ind2="#">
      <subfield code="a">1</subfield>
    </datafield>
    <datafield tag="260" ind1="#" ind2="#">
      <subfield code="a">Jakarta :</subfield>
      <subfield code="b">Pusbangkom Pimnas,</subfield>
      <subfield code="c">2024</subfield>
    </datafield>
    <datafield tag="300" ind1="#" ind2="#">
      <subfield code="a">120 :</subfield>
      <subfield code="b">ilus ;</subfield>
      <subfield code="c">29 x 21 x 1,5</subfield>
    </datafield>
    <datafield tag="520" ind1="#" ind2="#">
      <subfield code="a">Arah laju pembangunan daerah telah ditetapkan dalam Peraturan&#13;
Daerah Nomor 7 Tahun 2021 tentang Rencana Pembangunan Jangka&#13;
Menengah (RPJMD) Kabupaten Kendal Tahun 2021-2026, dengan Visi&#13;
Kendal Handal, Unggul, Makmur dan Berkeadilan yang akan dilaksanakan&#13;
melalui misi-misi pembangunan, dan yang terkait dengan kinerja DPUPR&#13;
Kabupaten Kendal adalah Misi Keempat, yaitu Mewujudkan pembangunan&#13;
infrastruktur yang mantap, merata dan berkeadilan dengan memperhatikan&#13;
daya dukung dan kelestarian lingkungan dan Misi Kelima, yaitu&#13;
Mewujudkan tata kelola pemerintahan yang demokratis, transparan,&#13;
akuntabel, berbasis elektronik dan bebas korupsi, dengan memberikan&#13;
ruang yang luas bagi partisipasi masyarakat dalam proses perumusan&#13;
hingga evaluasi kebijakan.&#13;
Salah satu hal yang menarik datangnya investor yakni kemudahan&#13;
dalam hal perizinan. Persetujuan Bangunan Gedung (PBG) merupakan&#13;
proses yang krusial dalam pengembangan infrastruktur dan juga&#13;
penumbuhan laju investasi. Dalam rangka upaya upaya perbaikan tersebut&#13;
dengan analisis SOAR (Strength, Oportunity, Aspirations, Result), strategi&#13;
khusus yang ditempuh adalah melalui Optimalisasi Penyelenggaraan&#13;
Persetujuan Bangunan Gedung (PBG) Menuju Citra Manis (Cepat,&#13;
Informatif, Transparan, Nyaman Dan Ekonomis). Implementasi Optimalisasi&#13;
Penyelenggaraan Persetujuan Bangunan Gedung meliputi 5 (lima) aspek&#13;
utama yaitu pembentukan forum kolaborasi PBG, jaringan dan koneksi&#13;
sosial, penyusunan regulasi PBG, optimalisasi digitalisasi proses PBG, dan&#13;
program capacity building</subfield>
    </datafield>
    <datafield tag="856" ind1="#" ind2="#">
      <subfield code="a">Perpustakaan Pusat LAN</subfield>
    </datafield>
    <datafield tag="990" ind1="#" ind2="#">
      <subfield code="a">2024/1.2,2/A/0132</subfield>
    </datafield>
  </record>
</collection>
